000 00287nam a2200121Ia 4500
008 240624s9999 xx 000 0 und d
041 _aeng
082 _a658.812 BLA
100 _aBLANCHARD KEN
245 _aLEGENDARY SERVICE
260 _aNew Delhi
_bTata McGraw-Hill
365 _cRS
_b33
999 _c25866
_d25866